[Event "Arad op 11th"]
[White "Tarlev, Konstantin"]
[Black "Posedaru, Bogdan Stefan"]
[Site "Arad"]
[Round "4"]
[Result "1-0"]
[Date "2018.08.07"]
[WhiteElo "2561"]
[BlackElo "2326"]
[PlyCount "105"]
[EventDate "2018.08.05"]
[EventType "swiss"]
[EventRounds "9"]
[EventCountry "ROU"]
[SourceTitle "CBM 185 Extra"]
[Source "ChessBase"]
[SourceDate "2018.07.29"]
[SourceVersion "1"]
[SourceVersionDate "2018.07.29"]
[SourceQuality "1"]

1. d4 d5 2. c4 e6 3. Nf3 c6 4. Qc2 dxc4 5. Qxc4 Nf6 6. g3 b5 7. Qc2 Bb7 8. Bg2 Nbd7 9. Ne5 Qb6 10. Nxd7 Nxd7 11. Nc3 Be7 12. 0-0 0-0 13. Ne4 Rac8 14. Be3 c5 15. dxc5 Bxe4 16. cxb6 Bxc2 17. bxa7 f5 18. Bb7 Rcd8 19. f3 b4 20. Rac1 b3 21. axb3 Bxb3 22. Rc7 Bd6 23. a8Q Rxa8 24. Rxd7 Rad8 25. Rxd8 Rxd8 26. Ra1 Be5 27. Ra3 Bc4 28. b4 Bxe2 29. Kf2 Bc4 30. f4 Bb2 31. Ra8 Rxa8 32. Bxa8 Bb5 33. Bf3 Bc3 34. Bc5 e5 35. Be2 Bc6 36. Bc4+ Kh8 37. b5 Bb7 38. Ke3 h6 39. Be6 g6 40. fxe5 Bxe5 41. Bd4 Bg7 42. Bd7 Kg8 43. Bc6 Bc8 44. Bd5+ Kf8 45. b6 g5 46. Bxg7+ Kxg7 47. Be6 f4+ 48. gxf4 gxf4+ 49. Kxf4 Ba6 50. Ke5 Kg6 51. Kd6 Kf6 52. Bh3 Bb7 53. Kc7 1-0

[Event "Arad op 11th"]
[White "Stepanencu, Nicodim Cosmin"]
[Black "Posedaru, Bogdan Stefan"]
[Site "Arad"]
[Round "2"]
[Result "0-1"]
[Date "2018.08.06"]
[WhiteElo "2022"]
[BlackElo "2326"]
[PlyCount "50"]
[EventDate "2018.08.05"]
[EventType "swiss"]
[EventRounds "9"]
[EventCountry "ROU"]
[SourceTitle "CBM 185 Extra"]
[Source "ChessBase"]
[SourceDate "2018.07.29"]
[SourceVersion "1"]
[SourceVersionDate "2018.07.29"]
[SourceQuality "1"]

1. e4 c5 2. Nf3 Nc6 3. Bb5 e6 4. 0-0 Nge7 5. d4 cxd4 6. Nxd4 Qb6 7. Nxc6 bxc6 8. Bd3 Ng6 9. Nc3 Be7 10. Be3 Qxb2 11. Na4 Qb4 12. c3 Qa5 13. f4 0-0 14. Rf3 Ba6 15. Bc2 d5 16. e5 Qb5 17. Kf2 f5 18. Rb1 Qa5 19. Rh3 Rfb8 20. Rxb8+ Rxb8 21. Bxa7 Be2 22. Kxe2 Nxf4+ 23. Kf3 Qxa7 24. Rg3 Ng6 25. Qe1 Bh4 0-1

[Event "ROM-ch"]
[White "Szabo, Gergely Andras"]
[Black "Posedaru, Bogdan Stefan"]
[Site "Olanesti"]
[Round "3"]
[Result "1-0"]
[Date "2018.05.16"]
[WhiteElo "2541"]
[BlackElo "2307"]
[PlyCount "63"]
[EventDate "2018.05.14"]
[EventType "swiss"]
[EventRounds "9"]
[EventCountry "ROU"]
[SourceTitle "CBM 184 Extra"]
[Source "ChessBase"]
[SourceDate "2018.06.28"]
[SourceVersion "1"]
[SourceVersionDate "2018.06.28"]
[SourceQuality "1"]

1. d4 d5 2. c4 e6 3. Nc3 c6 4. e4 Bb4 5. e5 c5 6. a3 Bxc3+ 7. bxc3 Ne7 8. Qg4 Nf5 9. Bd3 h5 10. Qf3 cxd4 11. Bxf5 exf5 12. cxd5 dxc3 13. Nh3 Nd7 14. Qg3 Qe7 15. 0-0 0-0 16. Re1 Re8 17. Bg5 f6 18. d6 Qf7 19. exf6 Nxf6 20. Bxf6 Rxe1+ 21. Rxe1 Qxf6 22. Re8+ Kf7 23. Re7+ Kg8 24. Re8+ Kf7 25. Re7+ Kg8 26. Qg5 c2 27. Re8+ Kf7 28. Qxh5+ g6 29. Re7+ Kg8 30. Qh7+ Kf8 31. Qh6+ Kg8 32. Re8+ 1-0

[Event "ROM-chT2"]
[White "Zaim, Marian"]
[Black "Posedaru, Bogdan Stefan"]
[Site "Slanic Moldova"]
[Round "7.4"]
[Result "0-1"]
[Date "2017.10.06"]
[WhiteElo "2111"]
[BlackElo "2311"]
[PlyCount "86"]
[EventDate "2017.09.30"]
[EventType "team-tourn"]
[EventRounds "9"]
[EventCountry "ROU"]
[SourceTitle "CBM 181 Extra"]
[Source "ChessBase"]
[SourceDate "2017.12.12"]
[SourceVersion "1"]
[SourceVersionDate "2017.12.12"]
[SourceQuality "1"]
[WhiteTeam "Resita Muncitorul"]
[BlackTeam "Techirghiol Victoria"]
[WhiteTeamCountry "ROU"]
[BlackTeamCountry "ROU"]

1. c4 e6 2. g3 d5 3. Nf3 dxc4 4. Qa4+ c6 5. Qxc4 b5 6. Qc2 Bb7 7. Bg2 Nd7 8. 0-0 Ngf6 9. b3 Rc8 10. Bb2 Be7 11. d3 0-0 12. Nbd2 Qb6 13. Rac1 c5 14. Qb1 Rfd8 15. Qa1 a6 16. Rfd1 h6 17. h3 Bf8 18. Nf1 Nd5 19. Ne5 N7f6 20. Nh2 Nb4 21. Nef3 Nfd5 22. Ng4 Qa5 23. a3 Nc6 24. Nge5 Qb6 25. Nxc6 Bxc6 26. Ne5 Bb7 27. Nf3 Qa7 28. Nd2 Ne7 29. Qb1 Nf5 30. Bxb7 Qxb7 31. Nf3 c4 32. dxc4 Rxd1+ 33. Rxd1 bxc4 34. g4 Nd6 35. Be5 c3 36. Qc2 Nb5 37. a4 Na3 38. Qa2 c2 39. Rc1 Qe4 40. Kf1 Rd8 41. Bb2 Nb1 42. Ba1 Rd1+ 43. Kg2 Rxc1 0-1

[Event "ROM-chT2"]
[White "Posedaru, Bogdan Stefan"]
[Black "Mihai, Catalin"]
[Site "Slanic Moldova"]
[Round "2.5"]
[Result "1-0"]
[Date "2017.10.01"]
[WhiteElo "2311"]
[BlackElo "2085"]
[PlyCount "67"]
[EventDate "2017.09.30"]
[EventType "team-tourn"]
[EventRounds "9"]
[EventCountry "ROU"]
[SourceTitle "CBM 181 Extra"]
[Source "ChessBase"]
[SourceDate "2017.12.12"]
[SourceVersion "1"]
[SourceVersionDate "2017.12.12"]
[SourceQuality "1"]
[WhiteTeam "Techirghiol Victoria"]
[BlackTeam "Brasov CSU"]
[WhiteTeamCountry "ROU"]
[BlackTeamCountry "ROU"]

1. d4 c5 2. d5 e5 3. e4 d6 4. Nc3 Be7 5. Bb5+ Bd7 6. Bxd7+ Nxd7 7. Nf3 Ngf6 8. a4 0-0 9. 0-0 Ne8 10. Ra3 b6 11. Qe2 a6 12. g3 Nc7 13. Nd2 Rb8 14. Rb3 Rb7 15. Nc4 Qb8 16. f4 f6 17. Qg4 Ne8 18. h4 Rf7 19. h5 Nf8 20. Nd1 Bd8 21. fxe5 fxe5 22. Rxf7 Rxf7 23. Nxb6 Bxb6 24. a5 Rb7 25. axb6 Rxb6 26. Rf3 Rb7 27. Qf5 Nf6 28. h6 Rf7 29. hxg7 Kxg7 30. Bg5 Qd8 31. Ne3 h5 32. g4 N8h7 33. gxh5 Nxg5 34. Qxg5+ 1-0

[Event "Cap Aurora op 21st"]
[White "Nuta, Dan"]
[Black "Posedaru, Bogdan Stefan"]
[Site "Cap Aurora"]
[Round "9"]
[Result "1/2-1/2"]
[Date "2017.07.01"]
[WhiteElo "2137"]
[BlackElo "2318"]
[PlyCount "107"]
[EventDate "2017.06.24"]
[EventType "swiss"]
[EventRounds "9"]
[EventCountry "ROU"]
[SourceTitle "CBM 179 Extra"]
[Source "ChessBase"]
[SourceDate "2017.08.23"]
[SourceVersion "1"]
[SourceVersionDate "2017.08.23"]
[SourceQuality "1"]

1. e4 c5 2. Nc3 Nc6 3. g3 g6 4. Bg2 Bg7 5. d3 e6 6. f4 d6 7. Nf3 Nge7 8. 0-0 0-0 9. Be3 b6 10. d4 Bb7 11. Qd2 d5 12. e5 Nf5 13. Ne2 Rc8 14. c3 Nxe3 15. Qxe3 Na5 16. Nd2 Ba6 17. Rfc1 Qe7 18. a3 Qd7 19. b4 Nc4 20. Nxc4 Bxc4 21. Bf1 Rc7 22. Kf2 Rfc8 23. h4 h5 24. Ng1 Bxf1 25. Kxf1 a5 26. Ne2 Qa4 27. dxc5 bxc5 28. bxc5 Rxc5 29. Qd4 Rc4 30. Qa7 Bf8 31. Rcb1 R4c7 32. Rb7 Bc5 33. Rxc7 Bxa7 34. Rxc8+ Kg7 35. Rc7 Qe4 36. Rxa7 Qf3+ 37. Ke1 Qh1+ 38. Kf2 Qxa1 39. Rxa5 Qb2 40. Ra4 Qb3 41. Rd4 Qxa3 42. Rb4 Qa7+ 43. Kf3 Qc5 44. Rd4 f6 45. exf6+ Kxf6 46. Rb4 Qc6 47. Kf2 Qa6 48. Rd4 Kf5 49. Kf3 Qa1 50. Rd3 Qe1 51. Nd4+ Kf6 52. Ne2 Kf5 53. Nd4+ Kf6 54. Ne2 1/2-1/2

[Event "Cap Aurora op 21st"]
[White "Petrisor, Adrian Marian"]
[Black "Posedaru, Bogdan Stefan"]
[Site "Cap Aurora"]
[Round "7"]
[Result "1-0"]
[Date "2017.06.29"]
[WhiteElo "2372"]
[BlackElo "2318"]
[PlyCount "103"]
[EventDate "2017.06.24"]
[EventType "swiss"]
[EventRounds "9"]
[EventCountry "ROU"]
[SourceTitle "CBM 179 Extra"]
[Source "ChessBase"]
[SourceDate "2017.08.23"]
[SourceVersion "1"]
[SourceVersionDate "2017.08.23"]
[SourceQuality "1"]

1. Nf3 d5 2. c4 c6 3. g3 Bg4 4. Ne5 Be6 5. Bg2 Nf6 6. cxd5 Bxd5 7. Nf3 c5 8. d3 Nbd7 9. 0-0 e6 10. e4 Bc6 11. Nc3 Be7 12. Qe2 b5 13. d4 b4 14. d5 Bb7 15. Nb5 a6 16. dxe6 fxe6 17. e5 axb5 18. exf6 Nxf6 19. Re1 Qb6 20. Ng5 Bxg2 21. Kxg2 0-0 22. Qxe6+ Qxe6 23. Nxe6 Rfc8 24. Nxg7 Nd5 25. Nf5 Bf6 26. Bh6 Rd8 27. Rac1 c4 28. b3 c3 29. Rc2 Kf7 30. g4 Ra6 31. Bc1 Re6 32. Nh6+ Ke7 33. Rxe6+ Kxe6 34. Re2+ Kd7 35. g5 Bd4 36. Nf5 Bh8 37. Kg3 Rc8 38. h4 c2 39. Rd2 Ke6 40. Rxd5 Rc3+ 41. Ne3 Rxe3+ 42. fxe3 Kxd5 43. Kf4 Bc3 44. h5 Bg7 45. Kf5 Bc3 46. e4+ Kd4 47. e5 Kd5 48. e6 Kd6 49. Ke4 Kxe6 50. Kd3 Kf5 51. a4 bxa4 52. bxa4 1-0

[Event "Cap Aurora op 21st"]
[White "Danut, Radu"]
[Black "Posedaru, Bogdan Stefan"]
[Site "Cap Aurora"]
[Round "5"]
[Result "0-1"]
[Date "2017.06.27"]
[WhiteElo "2069"]
[BlackElo "2318"]
[PlyCount "60"]
[EventDate "2017.06.24"]
[EventType "swiss"]
[EventRounds "9"]
[EventCountry "ROU"]
[SourceTitle "CBM 179 Extra"]
[Source "ChessBase"]
[SourceDate "2017.08.23"]
[SourceVersion "1"]
[SourceVersionDate "2017.08.23"]
[SourceQuality "1"]

1. d4 d5 2. Nf3 c6 3. c4 e6 4. e3 Bd6 5. Bd3 f5 6. 0-0 Nf6 7. Ne5 0-0 8. f4 b6 9. b3 Qe7 10. Nd2 Bb7 11. Bb2 Nbd7 12. Rf2 Rad8 13. cxd5 Nxd5 14. Qe2 c5 15. Ndc4 Bc7 16. Nxd7 Qxd7 17. dxc5 bxc5 18. a3 Nf6 19. Bc2 Qc6 20. Rf3 Ne4 21. Bxe4 Qxe4 22. Rg3 Rf7 23. Qh5 Qc2 24. Rc1 Qxb3 25. e4 Qa4 26. exf5 Qd7 27. Rh3 h6 28. f6 Bxf4 29. Ne5 Bxe5 30. Bxe5 Qd2 0-1

[Event "ROM-ch"]
[White "Posedaru, Bogdan Stefan"]
[Black "Chima, Radu Niculin"]
[Site "Calimanesti Caciulata"]
[Round "9"]
[Result "0-1"]
[Date "2017.04.02"]
[WhiteElo "2338"]
[BlackElo "2141"]
[PlyCount "56"]
[EventDate "2017.03.25"]
[EventType "swiss"]
[EventRounds "9"]
[EventCountry "ROU"]
[SourceTitle "CBM 177 Extra"]
[Source "ChessBase"]
[SourceDate "2017.04.27"]
[SourceVersion "1"]
[SourceVersionDate "2017.04.27"]
[SourceQuality "1"]

1. d4 Nf6 2. c4 e6 3. Nc3 Bb4 4. Qc2 d5 5. cxd5 exd5 6. Bg5 0-0 7. e3 Be6 8. Nf3 Nbd7 9. Bd3 h6 10. Bh4 c6 11. 0-0 Re8 12. a3 Be7 13. b4 a5 14. b5 c5 15. Bf5 Rc8 16. Bxe6 fxe6 17. Rfc1 cxd4 18. exd4 Ne4 19. Bxe7 Qxe7 20. Qd3 Ndf6 21. Ne5 Nxc3 22. Rxc3 Ne4 23. Rc2 Qg5 24. g3 Rf8 25. Rf1 Qf5 26. g4 Qf4 27. h3 Rxc2 28. Qxc2 Nd2 0-1

[Event "ROM-ch"]
[White "Stancu, Robert Alexandru"]
[Black "Posedaru, Bogdan Stefan"]
[Site "Calimanesti Caciulata"]
[Round "8"]
[Result "0-1"]
[Date "2017.04.01"]
[WhiteElo "2088"]
[BlackElo "2338"]
[PlyCount "70"]
[EventDate "2017.03.25"]
[EventType "swiss"]
[EventRounds "9"]
[EventCountry "ROU"]
[SourceTitle "CBM 177 Extra"]
[Source "ChessBase"]
[SourceDate "2017.04.27"]
[SourceVersion "1"]
[SourceVersionDate "2017.04.27"]
[SourceQuality "1"]

1. d4 d5 2. c4 e6 3. Nc3 c6 4. e4 dxe4 5. Nxe4 Bb4+ 6. Bd2 Qxd4 7. Bxb4 Qxe4+ 8. Be2 a5 9. Ba3 Nd7 10. Nf3 c5 11. 0-0 Ne7 12. Bd3 Qc6 13. Qc2 h6 14. Rfe1 Qc7 15. b3 0-0 16. Bb2 Ra6 17. Ne5 f6 18. Bh7+ Kh8 19. Ng6+ Nxg6 20. Bxg6 e5 21. Qf5 Rd8 22. Qh5 Nf8 23. Be4 Rad6 24. Rad1 b6 25. Rxd6 Qxd6 26. Bc1 Qe7 27. h4 Be6 28. Bxh6 Bf7 29. Bxg7+ Kxg7 30. Qg4+ Kh6 31. Re3 Bh5 32. Qh3 Ne6 33. g4 Nf4 34. g5+ fxg5 35. Qf5 Rf8 0-1

[Event "ROM-chT"]
[White "Manea, Alexandru"]
[Black "Posedaru, Bogdan Stefan"]
[Site "Calimanesti Caciulata"]
[Round "9.3"]
[Result "1-0"]
[Date "2016.11.27"]
[WhiteElo "2385"]
[BlackElo "2327"]
[PlyCount "74"]
[EventDate "2016.11.19"]
[EventType "team-tourn"]
[EventRounds "9"]
[EventCountry "ROU"]
[SourceTitle "CBM 175 Extra"]
[Source "ChessBase"]
[SourceDate "2016.12.12"]
[SourceVersion "1"]
[SourceVersionDate "2016.12.12"]
[SourceQuality "1"]
[WhiteTeam "Ploiesti Universitar"]
[BlackTeam "Techirghiol Victoria"]
[WhiteTeamCountry "ROU"]
[BlackTeamCountry "ROU"]

1. e4 c5 2. Nf3 Nc6 3. d4 cxd4 4. Nxd4 g6 5. Nc3 Bg7 6. Be3 Nf6 7. Bc4 0-0 8. Bb3 e6 9. f4 d6 10. 0-0 e5 11. Nxc6 bxc6 12. h3 Qe7 13. Qf3 exf4 14. Bxf4 Nd7 15. Rad1 Ne5 16. Qe3 Be6 17. Rf2 Qc7 18. Bg5 Rfe8 19. Qd2 Bxb3 20. axb3 Re6 21. Kh1 Rf8 22. Ra1 Nd7 23. Be3 Nc5 24. Bd4 Bxd4 25. Qxd4 Qe7 26. Rf4 Re5 27. Qc4 Kg7 28. b4 g5 29. Rf5 Nxe4 30. Rxe5 Ng3+ 31. Kg1 Qxe5 32. Qxc6 Qd4+ 33. Kh2 Rb8 34. Qf3 Kg8 35. Qc6 Qe5 36. Kg1 Rf8 37. Kh2 Qd4 1-0

[Event "Palic Karadzic Memorial op"]
[White "Blagojevic, Dragisa"]
[Black "Posedaru, Bogdan Stefan"]
[Site "Palic"]
[Round "7"]
[Result "1-0"]
[Date "2016.11.02"]
[WhiteElo "2462"]
[BlackElo "2327"]
[PlyCount "105"]
[EventDate "2016.10.29"]
[EventType "swiss"]
[EventRounds "9"]
[EventCountry "SRB"]
[SourceTitle "CBM 175 Extra"]
[Source "ChessBase"]
[SourceDate "2016.12.12"]
[SourceVersion "1"]
[SourceVersionDate "2016.12.12"]
[SourceQuality "1"]

1. d4 d5 2. c4 e6 3. Nc3 c6 4. e3 Nf6 5. Nf3 a6 6. Qc2 c5 7. dxc5 Bxc5 8. a3 dxc4 9. Bxc4 0-0 10. Bd3 Nbd7 11. 0-0 b5 12. b4 Be7 13. Bb2 Bb7 14. Rfd1 Rc8 15. Rac1 h6 16. Qb1 Qb6 17. Ne4 Bd5 18. Nxf6+ Nxf6 19. Ne5 Rfd8 20. Bd4 Qb8 21. Qb2 Rxc1 22. Rxc1 Rc8 23. f3 Rxc1+ 24. Qxc1 Bd6 25. Qc3 Qc7 26. Qxc7 Bxc7 27. Kf2 Kf8 28. h4 Ke8 29. g4 Ng8 30. e4 Bb7 31. Bc2 Bxe5 32. Bxe5 f6 33. Bd6 Ne7 34. e5 fxe5 35. Bxe5 Kf7 36. h5 Nc6 37. Bg6+ Kg8 38. Bd6 Nd8 39. f4 Nf7 40. Be7 e5 41. Ke3 Bc8 42. Kf3 Nh8 43. Be8 exf4 44. Kxf4 g5+ 45. hxg6 Kg7 46. Kg3 Nxg6 47. Bc5 Ne5 48. Bd4 Kf8 49. Bh5 Nc4 50. Kf4 Nxa3 51. Ke5 Nc4+ 52. Kf6 a5 53. Bf7 1-0

[Event "Arad op 9th"]
[White "Posedaru, Bogdan Stefan"]
[Black "Eric, Jovana"]
[Site "Arad"]
[Round "7"]
[Result "1-0"]
[Date "2016.08.10"]
[WhiteElo "2320"]
[BlackElo "2178"]
[PlyCount "95"]
[EventDate "2016.08.06"]
[EventType "swiss"]
[EventRounds "9"]
[EventCountry "ROU"]
[SourceTitle "CBM 173 Extra"]
[Source "ChessBase"]
[SourceDate "2016.08.29"]
[SourceVersion "1"]
[SourceVersionDate "2016.08.29"]
[SourceQuality "1"]

1. d4 Nf6 2. c4 g6 3. Nc3 d5 4. cxd5 Nxd5 5. Bd2 Bg7 6. e4 Nb6 7. Be3 0-0 8. Bb5 N8d7 9. Nf3 Nf6 10. h3 c6 11. Bd3 Be6 12. Qe2 Ne8 13. 0-0 Nd6 14. b3 Kh8 15. Ng5 Bc8 16. f4 f6 17. Nf3 f5 18. e5 Nf7 19. b4 Be6 20. b5 cxb5 21. Bxb5 a6 22. Bd3 Nd5 23. Nxd5 Qxd5 24. Nd2 Rfc8 25. Nb3 Nd8 26. Rfc1 b5 27. Nc5 Nc6 28. Qb2 Na5 29. Be2 Qc6 30. Nxe6 Qxe6 31. Bf3 Rab8 32. d5 Qd7 33. Bd4 Nc4 34. Qf2 Rd8 35. a4 Rbc8 36. axb5 axb5 37. Ra7 Rc7 38. Rxc7 Qxc7 39. Qb2 Qa5 40. Ra1 Qd2 41. Qxd2 Nxd2 42. Bb6 Rb8 43. Bc7 Nxf3+ 44. gxf3 Rc8 45. Ra7 Kg8 46. Rb7 Kf8 47. d6 Ke8 48. Ba5 1-0

[Event "Arad op 9th"]
[White "Sohier, Julien"]
[Black "Posedaru, Bogdan Stefan"]
[Site "Arad"]
[Round "6"]
[Result "1-0"]
[Date "2016.08.10"]
[WhiteElo "2240"]
[BlackElo "2320"]
[PlyCount "51"]
[EventDate "2016.08.06"]
[EventType "swiss"]
[EventRounds "9"]
[EventCountry "ROU"]
[SourceTitle "CBM 173 Extra"]
[Source "ChessBase"]
[SourceDate "2016.08.29"]
[SourceVersion "1"]
[SourceVersionDate "2016.08.29"]
[SourceQuality "1"]

1. d4 Nf6 2. c4 g6 3. Nc3 Bg7 4. e4 d6 5. f3 0-0 6. Be3 c5 7. Nge2 Nc6 8. d5 Ne5 9. Ng3 h5 10. Be2 h4 11. Nf1 e6 12. Nd2 exd5 13. cxd5 h3 14. g4 Nfxg4 15. fxg4 Nxg4 16. Bxg4 Qh4+ 17. Bf2 Qxg4 18. Qxg4 Bxg4 19. Rg1 f5 20. Nc4 Bf3 21. Rxg6 fxe4 22. Nxd6 Kh7 23. Re6 Rad8 24. Ndxe4 b5 25. Ng5+ Kg8 26. Bxc5 1-0

[Event "Arad op 9th"]
[White "Kersten, Julian"]
[Black "Posedaru, Bogdan Stefan"]
[Site "Arad"]
[Round "4"]
[Result "0-1"]
[Date "2016.08.08"]
[WhiteElo "1999"]
[BlackElo "2320"]
[PlyCount "52"]
[EventDate "2016.08.06"]
[EventType "swiss"]
[EventRounds "9"]
[EventCountry "ROU"]
[SourceTitle "CBM 173 Extra"]
[Source "ChessBase"]
[SourceDate "2016.08.29"]
[SourceVersion "1"]
[SourceVersionDate "2016.08.29"]
[SourceQuality "1"]

1. e4 c5 2. Nf3 Nc6 3. d4 cxd4 4. Nxd4 Qb6 5. Nb3 Nf6 6. Nc3 e6 7. Qe2 Bb4 8. Bd2 0-0 9. a3 Be7 10. Be3 Qc7 11. 0-0-0 d5 12. exd5 exd5 13. Nb5 Qe5 14. Qd2 Be6 15. Bf4 Ne4 16. Qe3 Qf6 17. f3 Nf2 18. Qxf2 Qxf4+ 19. Kb1 Bf6 20. N5d4 Bd7 21. g3 Qc7 22. f4 Qb6 23. Bg2 Bf5 24. Rd2 Nxd4 25. Nxd4 Rac8 26. Nb3 Qxb3 0-1

[Event "Iasi op 3rd"]
[White "Posedaru, Bogdan Stefan"]
[Black "Baratosi, Daniel"]
[Site "Iasi"]
[Round "7"]
[Result "1/2-1/2"]
[Date "2016.06.18"]
[WhiteElo "2283"]
[BlackElo "2381"]
[PlyCount "20"]
[EventDate "2016.06.13"]
[EventType "swiss"]
[EventRounds "9"]
[EventCountry "ROU"]
[SourceTitle "CBM 173 Extra"]
[Source "ChessBase"]
[SourceDate "2016.08.29"]
[SourceVersion "1"]
[SourceVersionDate "2016.08.29"]
[SourceQuality "1"]

1. d4 d6 2. c4 Nf6 3. Nc3 Bf5 4. f3 e5 5. e3 exd4 6. exd4 Be7 7. Bd3 Bxd3 8. Qxd3 0-0 9. Nge2 c5 10. d5 Nbd7 1/2-1/2